Accidentally fabulous / (Record no. 33613)
[ view plain ]
| 000 -LEADER | |
|---|---|
| fixed length control field | 01655cam a22004097a 4500 |
| 001 - CONTROL NUMBER | |
| control field | 15151070 |
| 003 - CONTROL NUMBER IDENTIFIER | |
| control field | OSt |
| 005 - DATE AND TIME OF LATEST TRANSACTION | |
| control field | 20140310184324.0 |
| 008 - FIXED-LENGTH DATA ELEMENTS--GENERAL INFORMATION | |
| fixed length control field | 080123s2008 nyua d 000 1 eng d |
| 010 ## - LIBRARY OF CONGRESS CONTROL NUMBER | |
| LC control number | 2008921518 |
| 020 ## - INTERNATIONAL STANDARD BOOK NUMBER | |
| International Standard Book Number | 9781416914457 (pbk.) |
| 020 ## - INTERNATIONAL STANDARD BOOK NUMBER | |
| International Standard Book Number | 054504667X |
| 035 ## - SYSTEM CONTROL NUMBER | |
| System control number | (OCoLC)ocn154688889 |
| 040 ## - CATALOGING SOURCE | |
| Original cataloging agency | BTCTA |
| Transcribing agency | BTCTA |
| Modifying agency | BAKER |
| -- | OCO |
| -- | HHO |
| -- | DLC |
| 042 ## - AUTHENTICATION CODE | |
| Authentication code | lccopycat |
| 050 00 - LIBRARY OF CONGRESS CALL NUMBER | |
| Classification number | PZ 7 |
| Item number | .P213af 2008 |
| 100 1# - MAIN ENTRY--PERSONAL NAME | |
| Personal name | Papademetriou, Lisa |
| 9 (RLIN) | 23374 |
| 245 10 - TITLE STATEMENT | |
| Title | Accidentally fabulous / |
| Statement of responsibility, etc | Lisa Papademetriou. |
| 246 30 - VARYING FORM OF TITLE | |
| Title proper/short title | Fashion forward adventures of Imogene |
| 250 ## - EDITION STATEMENT | |
| Edition statement | 1st Simon Pulse ed. |
| 260 ## - PUBLICATION, DISTRIBUTION, ETC. (IMPRINT) | |
| Place of publication, distribution, etc | New York : |
| Name of publisher, distributor, etc | Scholastic Inc., |
| Date of publication, distribution, etc | 2008. |
| 300 ## - PHYSICAL DESCRIPTION | |
| Extent | 181 p. : |
| Other physical details | col. ill. ; |
| Dimensions | 21 cm. |
| 521 ## - TARGET AUDIENCE NOTE | |
| Target audience note | |
| 526 ## - STUDY PROGRAM INFORMATION NOTE | |
| Reading level | 660 |
| 650 #0 - SUBJECT ADDED ENTRY--TOPICAL TERM | |
| Topical term or geographic name as entry element | Teenage girls |
| Form subdivision | Juvenile fiction. |
| 9 (RLIN) | 23652 |
| 650 #0 - SUBJECT ADDED ENTRY--TOPICAL TERM | |
| Topical term or geographic name as entry element | Fashion |
| Geographic subdivision | California |
| -- | Los Angeles |
| Form subdivision | Juvenile fiction. |
| 9 (RLIN) | 23653 |
| 650 #0 - SUBJECT ADDED ENTRY--TOPICAL TERM | |
| Topical term or geographic name as entry element | Interpersonal relations |
| Form subdivision | Juvenile fiction. |
| 9 (RLIN) | 23654 |
| 700 1# - ADDED ENTRY--PERSONAL NAME | |
| Personal name | Rim, Sujean, |
| Relator term | ill. |
| 9 (RLIN) | 23655 |
| 856 42 - ELECTRONIC LOCATION AND ACCESS | |
| Materials specified | Publisher description |
| Uniform Resource Identifier | <a href="http://www.loc.gov/catdir/enhancements/fy0908/2008921518-d.html">http://www.loc.gov/catdir/enhancements/fy0908/2008921518-d.html</a> |
| 856 41 - ELECTRONIC LOCATION AND ACCESS | |
| Materials specified | Sample text |
| Uniform Resource Identifier | <a href="http://www.loc.gov/catdir/enhancements/fy0908/2008921518-s.html">http://www.loc.gov/catdir/enhancements/fy0908/2008921518-s.html</a> |
| 856 42 - ELECTRONIC LOCATION AND ACCESS | |
| Materials specified | Contributor biographical information |
| Uniform Resource Identifier | <a href="http://www.loc.gov/catdir/enhancements/fy1005/2008921518-b.html">http://www.loc.gov/catdir/enhancements/fy1005/2008921518-b.html</a> |
| 906 ## - LOCAL DATA ELEMENT F, LDF (RLIN) | |
| a | 7 |
| b | cbc |
| c | copycat |
| d | 4 |
| e | ncip |
| f | 20 |
| g | y-gencatlg |
| 942 ## - ADDED ENTRY ELEMENTS (KOHA) | |
| Source of classification or shelving scheme | Library of Congress Classification |
| Koha item type | |
| Withdrawn status | Lost status | Source of classification or shelving scheme | Damaged status | Home library | Current library | Shelving location | Date acquired | Total Checkouts | Full call number | Barcode | Date last seen | Copy number | Price effective from | Koha item type |
|---|---|---|---|---|---|---|---|---|---|---|---|---|---|---|
| Library of Congress Classification | Luxembourg Library | Luxembourg Library | Scholastic Reading Center Section | 10/03/2013 | PZ 7 .P213af 2008 | LEX1210 | 04/18/2017 | 1 | 10/03/2013 | Books | ||||
| Library of Congress Classification | Luxembourg Library | Luxembourg Library | Scholastic Reading Center Section | 10/10/2013 | PZ 7 .P213af 2008 | LEX1209 | 04/18/2017 | 2 | 10/10/2013 | Books | ||||
| Library of Congress Classification | Luxembourg Library | Luxembourg Library | Scholastic Reading Center Section | 10/11/2013 | PZ 7 .P213af 2008 | LEX1049 | 04/18/2017 | 3 | 10/11/2013 | Books | ||||
| Library of Congress Classification | Luxembourg Library | Luxembourg Library | Scholastic Reading Center Section | 10/16/2013 | PZ 7 .P213af 2008 | SCHO0323 | 04/18/2017 | 4 | 10/16/2013 | Books |